Statystyki dla Rozpoznasz Minerały po wyglądzie? #2

Kliknij tutaj aby rozwiązać quiz!

Ogólne statystyki

  • Ten quiz został rozwiązany 13 razy
  • Średni wynik to 3 z 16

Statystyki odpowiedzi

Odpowiedź% Poprawnych
Kwarc Różowy
58%
Piryt
58%
Złoto Rodzime
58%
Halit
42%
Goethyt i Hematyt
25%
Kalcyt Pomarańczowy
25%
Turkus
25%
Chalkantyt
17%
Aragonit
8%
Labradoryt
8%
Baryt
0%
Chalkopiryt
0%
Lepidolit
0%
Magnezyt
0%
Sodalit
0%
Zoisyt
0%

Rozkład punktacji

Percentyl według liczby udzielonych odpowiedzi

Procent ludzi z każdym wynikiem

Twoja historia wyników

Nie rozwiązałeś tego quizu